02596nkc a2200373za 450000100060000000300040000600500170001000700070002700800410003404000240007510000410009924500440014026000240018430001020020850002540031050001930056450000650075750001340082250001690095650400520112550500440117751001510122151002100137256101310158261000460171365100260175965500400178570000600182585200120188585601500189794200250204795201330207299900170220584524OSt20260323092435.0kh boc250410s19101911sp ||||| ||||||0| i|spa d aM-RABAbspacM-RABA1 aElorza, Lorenzod(1861-1931)911106810aLeorzab: Puerta de la iglesiac/ L. E. c[ca. 1910 – 1911] a1 fotografía b: gelatina de platac; imagen 12 x 16,5 cmc; soportes secundario 21,5 x 26,5 cm aVista de la portada de la iglesia parroquial de Santa Eufemia en Leorza, que presenta arco apuntado con cuatro arquivoltas, la segunda y cuarta con decoración de ajedrezado al igual que la imposta. Un joven figura sentado en la escalera de acceso. aFotografía montada sobre soporte secundario de cartulina azul enmarcada con orla en relieve. Título y numeración manuscrita que hace referencia a la posición en la serie “105”. aSello con monograma del fotógrafo en tinta roja “L.E.” aFechas tomadas de la ejecución del positivo de las fotografías, incluido el soporte secundario. (Soto Madrazo, Javier. 2008). aForma parte de un conjunto de 167 fotografías empleadas por Federico Baráibar Zumárraga para la elaboración del Inventario del Románico en Álava (1911). aBaraibar, F.: "Rincones artísticos", M. 1914. aLeorza.- Puerta de la Iglesia. / L. E.  aDescripción tomada de: Soto Madrazo, Javier (2008). Federico Baraibar y el Inventario del Románico en Álava: una caja con 167 fotografías. aEsta colección fue utilizada posteriormente por Cristóbal de Castro para la elaboración y publicación del "Catálogo Monumental de España: provincia de Álava", Madrid, S. de Rivadeneira, 1915. aDonadas junto con la memoria manuscrita a la Academia por el mismo Baraibar (Sesión 12 de febrero de 1912, Archivo: 4-32-1).27aIglesia de Santa Eufemia (Leorza)9111633 7aÁlava2embne975661 0aFotografías de monumentos91115801 aBaráibar y Zumárraga, Federico d(1851-1918)912926 jFot-214 3Fot-214uhttps://archivoybiblioteca.realacademiabellasartessanfernando.com/cgi-bin/koha/opac-retrieve-file.pl?id=db13baaf1829e0ff601d7f5ed378db3b 2ddccFOTOGRAFÍAn0 00102ddc40708FOTOGRAFIAaRABASFbRABASFcDP2d2025-04-22l0oFot-214p1095403r2025-04-22 11:46:15w2025-04-22yFOTOGRAFÍA c84524d84524